00561nam a2200145Ia 4500008004100000245013600041260002800177260000900205300001000214650001800224650001500242856006600257999001900323952007300342170221s9999 xx 000 0 und d aPredicting Social Networking Site Use and Online Communication Practices among Adolescents: The Role of Access and Device Ownership bMedia and Communication c2016 a5 : 6 xCommunication xMedia Arts uhttp://www.librelloph.com/mediaandcommunication/issue/current c312968d312968 001040aCLbCLd2017-02-21l0r2017-02-21 00:00:00w2017-02-21yFOJ